<?xml version="1.0" encoding="UTF-8"?>
<record
    xmlns:xsi="http://www.w3.org/2001/XMLSchema-instance"
    xsi:schemaLocation="http://www.loc.gov/MARC21/slim http://www.loc.gov/standards/marcxml/schema/MARC21slim.xsd"
    xmlns="http://www.loc.gov/MARC21/slim">

  <leader>01307nam a22002177a 4500</leader>
  <controlfield tag="005">20250725162327.0</controlfield>
  <controlfield tag="008">231103b           ||||| |||| 00| 0 eng d</controlfield>
  <datafield tag="020" ind1=" " ind2=" ">
    <subfield code="a">9788195746217</subfield>
  </datafield>
  <datafield tag="040" ind1=" " ind2=" ">
    <subfield code="c">AL</subfield>
  </datafield>
  <datafield tag="041" ind1=" " ind2=" ">
    <subfield code="a">English</subfield>
  </datafield>
  <datafield tag="082" ind1=" " ind2=" ">
    <subfield code="2">23</subfield>
    <subfield code="a">658.42</subfield>
    <subfield code="b">PANE</subfield>
  </datafield>
  <datafield tag="100" ind1=" " ind2=" ">
    <subfield code="a">Varghese Panthalookaran</subfield>
    <subfield code="9">220246</subfield>
  </datafield>
  <datafield tag="245" ind1=" " ind2=" ">
    <subfield code="a">Entrepreneurial Intellection</subfield>
    <subfield code="b">: Shades of Black and White</subfield>
  </datafield>
  <datafield tag="260" ind1=" " ind2=" ">
    <subfield code="a">Kerala</subfield>
    <subfield code="b">Pallikkutam Publications</subfield>
    <subfield code="c">2023</subfield>
  </datafield>
  <datafield tag="300" ind1=" " ind2=" ">
    <subfield code="a">384p</subfield>
    <subfield code="b">HB</subfield>
    <subfield code="c">24.7X18.5 CM</subfield>
  </datafield>
  <datafield tag="365" ind1=" " ind2=" ">
    <subfield code="a">2023/10/30/1024/PDN07</subfield>
    <subfield code="b">&#x20B9;1057.00</subfield>
    <subfield code="c">&#x20B9;</subfield>
    <subfield code="d">&#x20B9;1057.00</subfield>
    <subfield code="f">30-10-2023</subfield>
  </datafield>
  <datafield tag="520" ind1=" " ind2=" ">
    <subfield code="a">Humans should realise that use of the gray space between black and white can help them perceive reality better. Only the gray spectrum of perception can safeguard the fabric of life on the planet. Humans should realise that thinking has to be polychromatic, consisting of a spectrum of colours. Only the white spectrum of thinking can safeguard human thinking from the onslaught of intelligent machines. Let us celebrate the gray spectrum, the sustainability principle of human perception!
Let us celebrate the white spectrum, the synergy principle of human thinking
Let us celebrate Entrepreneurial Intellection, the Shades of Black &amp; White!!
</subfield>
  </datafield>
  <datafield tag="650" ind1=" " ind2=" ">
    <subfield code="a">Gray Perception</subfield>
    <subfield code="9">140702</subfield>
  </datafield>
  <datafield tag="650" ind1=" " ind2=" ">
    <subfield code="a">White Thinking</subfield>
    <subfield code="9">140703</subfield>
  </datafield>
  <datafield tag="942" ind1=" " ind2=" ">
    <subfield code="2">ddc</subfield>
    <subfield code="c">BK</subfield>
  </datafield>
  <datafield tag="999" ind1=" " ind2=" ">
    <subfield code="c">229101</subfield>
    <subfield code="d">229101</subfield>
  </datafield>
  <datafield tag="952" ind1=" " ind2=" ">
    <subfield code="0">0</subfield>
    <subfield code="1">0</subfield>
    <subfield code="2">ddc</subfield>
    <subfield code="4">0</subfield>
    <subfield code="7">3</subfield>
    <subfield code="8">MAN</subfield>
    <subfield code="a">AL</subfield>
    <subfield code="b">AL</subfield>
    <subfield code="c">RS</subfield>
    <subfield code="d">2023-11-02</subfield>
    <subfield code="e">Rajagiri Media Trust</subfield>
    <subfield code="g">1057.00</subfield>
    <subfield code="l">0</subfield>
    <subfield code="o">658.42 PANE</subfield>
    <subfield code="p">076875</subfield>
    <subfield code="r">2023-11-03 00:00:00</subfield>
    <subfield code="v">1057.00</subfield>
    <subfield code="w">2023-11-03</subfield>
    <subfield code="y">REF</subfield>
  </datafield>
  <datafield tag="952" ind1=" " ind2=" ">
    <subfield code="0">0</subfield>
    <subfield code="1">0</subfield>
    <subfield code="2">ddc</subfield>
    <subfield code="4">0</subfield>
    <subfield code="7">0</subfield>
    <subfield code="8">MAN</subfield>
    <subfield code="a">AL</subfield>
    <subfield code="b">AL</subfield>
    <subfield code="d">2023-11-02</subfield>
    <subfield code="e">Rajagiri Media Trust</subfield>
    <subfield code="g">1057.00</subfield>
    <subfield code="l">0</subfield>
    <subfield code="o">658.42 PANE</subfield>
    <subfield code="p">076876</subfield>
    <subfield code="r">2023-11-03 00:00:00</subfield>
    <subfield code="v">1057.00</subfield>
    <subfield code="w">2023-11-03</subfield>
    <subfield code="y">BK</subfield>
  </datafield>
</record>
